[Event "ICS rated blitz match"]
[Site "204.178.125.65"]
[Date "2001.01.24"]
[Round "?"]
[White "QueenMaxima"]
[Black "Hossa"]
[Result "0-1"]
[WhiteElo "2541"]
[BlackElo "2481"]
[PlyCount "132"]
[EventDate "2001.??.??"]

1. e4 c5 2. Nf3 e6 3. d4 cxd4 4. Nxd4 Nf6 5. Bd3 Nc6 6. Be3 d5 7. Nd2 Bd6 8.
exd5 exd5 9. O-O Ng4 10. h3 Nxe3 11. fxe3 Qg5 12. Kh1 O-O 13. Nf5 Bxf5 14. Rxf5
Qxe3 15. Nf1 Qb6 16. Rxd5 Be5 17. Rb5 Qc7 18. Qh5 g6 19. Qh4 a6 20. Rb3 Rfd8
21. Re1 Bd4 22. Be4 Na5 23. Rb4 Qc5 24. Rxb7 Nxb7 25. Bxb7 Rab8 26. Bxa6 Qxc2
27. b3 Qxa2 28. Bc4 Qf2 29. Qxf2 Bxf2 30. Re7 Rf8 31. g3 Kg7 32. Kg2 Bc5 33.
Rc7 Bb6 34. Rd7 Rbe8 35. Kf3 Bc5 36. Rd5 Rc8 37. Rd7 Rc6 38. Kg4 h5+ 39. Kg5
Rf6 40. g4 Rh8 41. gxh5 Rxh5+ 42. Kg4 Bf2 43. Rxf7+ Rxf7 44. Bxf7 Kxf7 45. Kf3
Be1 46. Ne3 Rxh3+ 47. Ke4 Rxe3+ 48. Kxe3 Kf6 49. Ke2 Bh4 50. b4 Ke5 51. Kd3 Kd5
52. b5 Kc5 53. Ke4 g5 54. Kf5 Kxb5 55. Kg4 Kc4 56. Kh3 Kd3 57. Kh2 Ke2 58. Kg2
Bf2 59. Kh3 Kf3 60. Kh2 g4 61. Kh1 Be3 62. Kh2 g3+ 63. Kh3 g2 64. Kh4 Bd2 65.
Kh5 g1=R 66. Kh4 Rh1# {QueenMaxima checkmated} 0-1

[Event "ICS rated blitz match"]
[Site "204.178.125.65"]
[Date "2001.01.24"]
[Round "?"]
[White "Hossa"]
[Black "ATOS"]
[Result "1-0"]
[WhiteElo "2503"]
[BlackElo "2073"]
[PlyCount "37"]
[EventDate "2001.??.??"]

1. e4 e5 2. Nf3 Nc6 3. Bc4 Nf6 4. d3 Bc5 5. O-O d6 6. c3 Bb6 7. Be3 Bg4 8. Bxb6
axb6 9. h3 Be6 10. Bxe6 fxe6 11. b4 b5 12. Qb3 Qd7 13. Ng5 Nd8 14. Na3 h6 15.
Nf3 O-O 16. Qb2 c6 17. c4 bxc4 18. Nxc4 b5 19. Nb6 {ATOS resigns} 1-0

[Event "ICS rated blitz match"]
[Site "204.178.125.65"]
[Date "2001.01.24"]
[Round "?"]
[White "Hossa"]
[Black "Guinness"]
[Result "1-0"]
[WhiteElo "2512"]
[BlackElo "2124"]
[PlyCount "49"]
[EventDate "2001.??.??"]

1. e4 d5 2. exd5 Qxd5 3. d4 Nf6 4. Nc3 Qa5 5. Bd2 c6 6. Nf3 e6 7. Bd3 Qc7 8.
Ne4 Nbd7 9. O-O Nxe4 10. Bxe4 Nf6 11. Qe2 Bd6 12. c4 Nxe4 13. Qxe4 Bd7 14. Qg4
Rg8 15. Bg5 h6 16. Bd2 O-O-O 17. Qe4 f5 18. Qe2 Rde8 19. c5 Be7 20. Ne5 Bf6 21.
Nc4 Be7 22. Rfd1 Bf8 23. Ba5 b6 24. cxb6 axb6 25. Nxb6+ {Guinness resigns} 1-0

[Event "ICS rated blitz match"]
[Site "204.178.125.65"]
[Date "2001.01.24"]
[Round "?"]
[White "Guinness"]
[Black "Hossa"]
[Result "0-1"]
[WhiteElo "2121"]
[BlackElo "2515"]
[PlyCount "50"]
[EventDate "2001.??.??"]

1. d4 d5 2. Nf3 Nf6 3. Bf4 c6 4. e3 Bg4 5. c3 Nh5 6. Be5 Nd7 7. Bg3 Nxg3 8.
hxg3 e5 9. dxe5 Nxe5 10. Nbd2 Bc5 11. Be2 Nxf3+ 12. Nxf3 Bf5 13. Nd4 Be4 14.
O-O O-O 15. Qb3 Qe7 16. Nf3 Rfd8 17. Rad1 Rd6 18. Nd2 Bf5 19. c4 dxc4 20. Nxc4
Rh6 21. Qc3 Re8 22. Bd3 Bg4 23. Rc1 Rd8 24. a3 Rd5 25. Nd2 Rdh5 {
Guinness resigns} 0-1

[Event "ICS rated blitz match"]
[Site "204.178.125.65"]
[Date "2001.01.24"]
[Round "?"]
[White "Hossa"]
[Black "ATOS"]
[Result "1-0"]
[WhiteElo "2518"]
[BlackElo "2061"]
[PlyCount "55"]
[EventDate "2001.??.??"]

1. c4 e5 2. g3 Nc6 3. Bg2 g6 4. Nc3 Bg7 5. e3 f5 6. d3 Nf6 7. f4 d6 8. fxe5
Nxe5 9. Nf3 Nf7 10. O-O O-O 11. Bd2 Re8 12. Qe2 c6 13. Nd1 Qb6 14. Rb1 a5 15.
Bc3 Bd7 16. Bd4 c5 17. Bc3 Bc6 18. Nf2 Re7 19. Qd2 a4 20. b3 a3 21. b4 Qc7 22.
b5 Bd7 23. Ne1 Rae8 24. Nc2 b6 25. Rb3 Bh6 26. Bxf6 Rxe3 27. Nxe3 Bxe3 28. Qc3
{ATOS resigns} 1-0

[Event "ICS rated blitz match"]
[Site "204.178.125.65"]
[Date "2001.01.24"]
[Round "?"]
[White "ATOS"]
[Black "Hossa"]
[Result "0-1"]
[WhiteElo "2059"]
[BlackElo "2520"]
[PlyCount "82"]
[EventDate "2001.??.??"]

1. d4 Nf6 2. c4 g6 3. Nc3 Bg7 4. Bg5 h6 5. Bxf6 Bxf6 6. Nf3 c5 7. Qd2 cxd4 8.
Nxd4 O-O 9. O-O-O Qa5 10. Kb1 Bg5 11. e3 d6 12. h4 Bf6 13. Be2 Bf5+ 14. Bd3
Bxd3+ 15. Qxd3 Nd7 16. g4 Rac8 17. f4 Qc7 18. g5 Nc5 19. Qe2 Bg7 20. gxh6 Bxh6
21. h5 Bg7 22. hxg6 fxg6 23. Qg4 e5 24. Nf3 Qd7 25. Qxg6 Qf5+ 26. Qxf5 Rxf5 27.
Nd5 Kf8 28. Nh4 Rf7 29. Ng6+ Ke8 30. Rh7 Ne4 31. b3 exf4 32. exf4 Kd7 33. Rg1
Nd2+ 34. Kc2 Nf3 35. Rg4 Nd4+ 36. Kd3 Ne6 37. Nh4 Rg8 38. Nf3 Nc5+ 39. Ke3 Re8+
40. Kf2 Bd4+ 41. Kg3 Ne4+ {ATOS resigns} 0-1

[Event "ICS rated blitz match"]
[Site "204.178.125.65"]
[Date "2001.01.24"]
[Round "?"]
[White "Hossa"]
[Black "ATOS"]
[Result "1-0"]
[WhiteElo "2522"]
[BlackElo "2057"]
[PlyCount "55"]
[EventDate "2001.??.??"]

1. c4 e5 2. g3 g6 3. d4 exd4 4. Qxd4 Qf6 5. Qe4+ Ne7 6. Nf3 Bg7 7. Bg2 Nbc6 8.
Na3 a6 9. O-O d6 10. Qd3 h6 11. Nc2 O-O 12. e4 g5 13. Rb1 Ng6 14. Bd2 Bg4 15.
Qb3 b6 16. h3 Bd7 17. Qd3 a5 18. Bc3 Nge5 19. Nxe5 Nxe5 20. Qe2 Qe6 21. Ne3
Rfe8 22. Nd5 Rac8 23. f4 Nc6 24. Bxg7 Kxg7 25. fxg5 hxg5 26. Nf6 Rh8 27. Qe3
Kg6 28. Rf5 {ATOS resigns} 1-0

[Event "ICS rated blitz match"]
[Site "204.178.125.65"]
[Date "2001.01.24"]
[Round "?"]
[White "ATOS"]
[Black "Hossa"]
[Result "0-1"]
[WhiteElo "2055"]
[BlackElo "2524"]
[PlyCount "33"]
[EventDate "2001.??.??"]

1. d4 Nf6 2. c4 g6 3. Nc3 Bg7 4. Bg5 h6 5. Bxf6 Bxf6 6. Qd2 c5 7. Nf3 cxd4 8.
Nxd4 O-O 9. O-O-O Qa5 10. e3 d6 11. h4 Nc6 12. Nb3 Bxc3 13. Qxc3 Qxa2 14. Bd3
Ne5 15. Bb1 Qa4 16. Rd4 Be6 17. c5 {ATOS resigns} 0-1

[Event "ICS rated blitz match"]
[Site "204.178.125.65"]
[Date "2001.01.24"]
[Round "?"]
[White "ATOS"]
[Black "Hossa"]
[Result "0-1"]
[WhiteElo "2051"]
[BlackElo "2528"]
[PlyCount "40"]
[EventDate "2001.??.??"]

1. e4 c5 2. Nf3 e6 3. Nc3 Nc6 4. Bb5 Nge7 5. O-O Qb6 6. Re1 Ng6 7. a4 Be7 8.
Bf1 O-O 9. g3 d6 10. d3 f5 11. Bg2 fxe4 12. Nxe4 Bd7 13. b3 Qc7 14. Bb2 e5 15.
Ned2 Rf5 16. Nc4 Raf8 17. Ne3 R5f7 18. Nd5 Qc8 19. Re2 Bg4 20. Re3 Nd4 {
ATOS resigns} 0-1

[Event "ICS rated blitz match"]
[Site "204.178.125.65"]
[Date "2001.01.24"]
[Round "?"]
[White "Helfacia"]
[Black "Hossa"]
[Result "0-1"]
[WhiteElo "1928"]
[BlackElo "2530"]
[PlyCount "74"]
[EventDate "2001.??.??"]

1. e4 c5 2. Nf3 e6 3. d3 d5 4. Qe2 dxe4 5. dxe4 Nc6 6. c3 Nf6 7. Bg5 h6 8. Bh4
g5 9. Bg3 Nh5 10. Nbd2 g4 11. Nh4 Nxg3 12. hxg3 h5 13. O-O-O Bd7 14. f3 Bh6 15.
f4 Qe7 16. e5 O-O-O 17. Ne4 Na5 18. Nd6+ Kb8 19. Kb1 b6 20. Qa6 Bc6 21. Bb5 Bb7
22. Nxb7 Qxb7 23. Qxb7+ Kxb7 24. Kc2 Kc7 25. Bd3 Bg7 26. Be4 Nc4 27. Rd3 Rxd3
28. Bxd3 Ne3+ 29. Kd2 Nd5 30. a3 Rd8 31. c4 Ne7 32. Ke3 Nc6 33. Rc1 Nxe5 34.
Be2 Nc6 35. Rc2 Bd4+ 36. Ke4 Bg1 37. f5 Rd4# {Helfacia checkmated} 0-1

[Event "ICS rated blitz match"]
[Site "204.178.125.65"]
[Date "2001.01.24"]
[Round "?"]
[White "Hossa"]
[Black "Helfacia"]
[Result "1-0"]
[WhiteElo "2531"]
[BlackElo "1927"]
[PlyCount "63"]
[EventDate "2001.??.??"]

1. c4 c6 2. d4 d6 3. e4 Nd7 4. Nf3 e5 5. Be2 Be7 6. O-O Ngf6 7. dxe5 dxe5 8.
Qc2 O-O 9. Rd1 Qc7 10. Nc3 b6 11. Bg5 h6 12. Bh4 Re8 13. Nd2 Nh7 14. Bxe7 Rxe7
15. b4 a6 16. a4 Bb7 17. a5 c5 18. Nd5 Bxd5 19. cxd5 b5 20. Nb3 c4 21. d6 Qb7
22. dxe7 cxb3 23. Qxb3 Nhf6 24. Qd3 Re8 25. Bg4 Rxe7 26. Qd6 Nf8 27. Bc8 Qa7
28. Qxa6 Nxe4 29. Qxa7 Rxa7 30. Rac1 g6 31. Rd5 f6 32. Rxb5 {Helfacia resigns}
1-0

[Event "ICS rated blitz match"]
[Site "204.178.125.65"]
[Date "2001.01.24"]
[Round "?"]
[White "Viveiros"]
[Black "Hossa"]
[Result "0-1"]
[WhiteElo "2062"]
[BlackElo "2532"]
[PlyCount "30"]
[EventDate "2001.??.??"]

1. e4 c5 2. Nc3 Nc6 3. f4 e6 4. Nf3 a6 5. g3 d5 6. d3 Nf6 7. Bg2 dxe4 8. dxe4
Qxd1+ 9. Kxd1 Be7 10. h3 O-O 11. Ke2 Nd4+ 12. Nxd4 cxd4 13. Nd1 Bd7 14. Nf2
Rac8 15. Kd1 Nh5 {Viveiros resigns} 0-1

[Event "ICS rated blitz match"]
[Site "204.178.125.65"]
[Date "2001.01.24"]
[Round "?"]
[White "sekere"]
[Black "Hossa"]
[Result "0-1"]
[WhiteElo "2070"]
[BlackElo "2536"]
[PlyCount "56"]
[EventDate "2001.??.??"]

1. e4 c5 2. Nf3 e6 3. Nc3 Nc6 4. Bb5 Nge7 5. Bxc6 Nxc6 6. d3 Be7 7. O-O O-O 8.
Bf4 d6 9. Qd2 Bd7 10. Rad1 Nd4 11. Nxd4 cxd4 12. Ne2 e5 13. Bg3 f5 14. exf5 h5
15. h3 h4 16. Bh2 Qb6 17. c4 Rxf5 18. Kh1 Raf8 19. f4 g5 20. Ng1 gxf4 21. Nf3
R5f7 22. Qe2 Rg7 23. Nd2 Rf6 24. Ne4 Rfg6 25. Rf2 Qa5 26. a3 b5 27. Rc1 bxc4
28. Rxc4 d5 {sekere resigns} 0-1

[Event "ICS rated standard match"]
[Site "204.178.125.65"]
[Date "2001.01.24"]
[Round "?"]
[White "Hossa"]
[Black "fpawn"]
[Result "1-0"]
[WhiteElo "2312"]
[BlackElo "2210"]
[PlyCount "43"]
[EventDate "2001.??.??"]

1. c4 f5 2. d4 Nf6 3. d5 d6 4. Nf3 e5 5. dxe6 Bxe6 6. Nd4 Qd7 7. Qb3 b6 8. Qe3
Kf7 9. Qxe6+ Qxe6 10. Nxe6 Kxe6 11. g3 Nbd7 12. Bg2 Rd8 13. Nc3 Ne5 14. Nb5 Kd7
15. Nxa7 Nxc4 16. b3 Ne5 17. f4 Nf7 18. Bc6+ Ke6 19. Bb2 Be7 20. Nb5 d5 21.
Nd4+ Kd6 22. Ba3# {fpawn checkmated} 1-0

[Event "ICS rated blitz match"]
[Site "204.178.125.65"]
[Date "2001.01.24"]
[Round "?"]
[White "Valg"]
[Black "Hossa"]
[Result "1-0"]
[WhiteElo "2687"]
[BlackElo "2538"]
[PlyCount "129"]
[EventDate "2001.??.??"]

1. d4 Nf6 2. c4 g6 3. Nc3 Bg7 4. e4 d6 5. f3 O-O 6. Be3 c5 7. Nge2 cxd4 8. Nxd4
Nc6 9. Qd2 Nd7 10. Be2 Nxd4 11. Bxd4 Bxd4 12. Qxd4 Qb6 13. O-O-O Qxd4 14. Rxd4
Ne5 15. Rf1 Be6 16. Nd5 Nc6 17. Rd3 Rac8 18. Rfd1 b5 19. Rb3 Bxd5 20. Rxd5 bxc4
21. Rc3 Rc7 22. Rxc4 Rfc8 23. Kd2 h6 24. f4 Kg7 25. b4 f6 26. Ke3 g5 27. g3 a6
28. a4 gxf4+ 29. gxf4 Rd8 30. b5 axb5 31. axb5 Rdc8 32. bxc6 Rxc6 33. Rxc6 Rxc6
34. f5 Rc3+ 35. Rd3 Rc8 36. Rb3 Kf8 37. h4 Rc7 38. Kd4 Rc1 39. Rb8+ Kg7 40. Re8
Rc7 41. Bc4 Kh7 42. Rf8 Kg7 43. Rf7+ Kh8 44. Bb3 Rb7 45. Bd5 Ra7 46. Kc4 h5 47.
Kb5 Rc7 48. Kb6 Rc2 49. Rxe7 Rh2 50. Kc6 Rxh4 51. Rf7 Rg4 52. Kxd6 h4 53. Rxf6
Rf4 54. e5 Kg7 55. Rf7+ Kh6 56. e6 Rf1 57. e7 Re1 58. Rf6+ Kg5 59. Re6 Rb1 60.
e8=Q Kf4 61. Qa4+ Kg3 62. Qa3+ Kh2 63. Re2+ Kg1 64. Qc5+ Kf1 65. Qf2# {
Hossa checkmated} 1-0

[Event "ICS rated blitz match"]
[Site "204.178.125.65"]
[Date "2001.01.24"]
[Round "?"]
[White "Hossa"]
[Black "Knut"]
[Result "1-0"]
[WhiteElo "2528"]
[BlackElo "2062"]
[PlyCount "55"]
[EventDate "2001.??.??"]

1. d4 e6 2. e4 d5 3. e5 c5 4. c3 Nc6 5. Nf3 Bd7 6. Be2 Qb6 7. O-O Nh6 8. dxc5
Bxc5 9. b4 Be7 10. Bxh6 gxh6 11. b5 Na5 12. a4 O-O-O 13. Ra2 Kb8 14. Qc1 Bf8
15. c4 Rc8 16. Qf4 dxc4 17. Rc2 Be8 18. Rfc1 Bc5 19. Nfd2 Nb3 20. Re1 Na5 21.
Nxc4 Nxc4 22. Rxc4 Rg8 23. Rec1 Rg5 24. h4 Rf5 25. Qe3 Rxf2 26. Kh1 Rxe2 27.
Qxe2 Bd7 28. Qd2 {Knut resigns} 1-0

[Event "ICS rated blitz match"]
[Site "204.178.125.65"]
[Date "2001.01.24"]
[Round "?"]
[White "ChesterX"]
[Black "Hossa"]
[Result "1-0"]
[WhiteElo "2580"]
[BlackElo "2526"]
[PlyCount "219"]
[EventDate "2001.??.??"]

1. d4 Nf6 2. c4 e6 3. g3 Bb4+ 4. Bd2 Qe7 5. Nf3 O-O 6. Nc3 d5 7. e3 c5 8. cxd5
exd5 9. a3 cxd4 10. axb4 dxc3 11. bxc3 Ne4 12. h3 Qf6 13. Rc1 Nc6 14. Bg2 Ne5
15. Qe2 Nc4 16. O-O Ncxd2 17. Nxd2 Nxc3 18. Qd3 Na2 19. Rb1 Be6 20. Rfe1 Rfc8
21. Qd4 Qxd4 22. exd4 Rc2 23. Nf3 Nc3 24. Rb3 Ne4 25. Rbe3 Rb2 26. Ne5 Nxf2 27.
g4 f6 28. Ng6 Bf7 29. Ne7+ Kf8 30. Nxd5 Rd8 31. Nf4 Rxd4 32. Ne2 Nxg4 33. Nxd4
Nxe3 34. Rxe3 Rxb4 35. Nf5 b6 36. Rd3 Be6 37. Nd4 Bc4 38. Rd2 Ra4 39. Nc6 a5
40. Rd8+ Kf7 41. Rd7+ Kg6 42. Ne7+ Kg5 43. Nc8 Ra1+ 44. Kh2 Be6 45. Rxg7+ Kh6
46. Rc7 Bxc8 47. Rxc8 b5 48. Rc6 Kg7 49. Rc7+ Kg6 50. Be4+ f5 51. Rc6+ Kg5 52.
Rc5 Ra2+ 53. Kg3 Ra3+ 54. Kf2 Kf4 55. Bxf5 Rf3+ 56. Ke2 Re3+ 57. Kd2 Re5 58.
Rxe5 Kxe5 59. Bd7 a4 60. Kc2 b4 61. Bxa4 Kf4 62. Kb3 h6 63. Bb5 Ke5 64. Be2 h5
65. Bc4 h4 66. Bf7 Kf6 67. Bd5 Kg5 68. Bc4 Kf4 69. Be6 Ke4 70. Bg4 Ke3 71. Bh5
Kf2 72. Be8 Kg2 73. Bd7 Kg3 74. Be6 Kf2 75. Bc8 Kf1 76. Bd7 Kg1 77. Kb2 Kg2 78.
Bg4 Kf2 79. Bf5 Kg3 80. Bc8 Kf2 81. Bg4 Ke3 82. Kb3 Kd2 83. Bf5 Kc1 84. Kxb4
Kb2 85. Be4 Ka2 86. Bd5+ Kb2 87. Bb3 Kc1 88. Kc3 Kb1 89. Bd5 Kc1 90. Kd4 Kb2
91. Ke5 Kc2 92. Kf5 Kd2 93. Kg5 Ke3 94. Kxh4 Kf4 95. Kh5 Kf5 96. h4 Kf6 97. Kh6
Ke5 98. h5 Kf6 99. Bc4 Kf5 100. Kg7 Kg5 101. h6 Kf5 102. h7 Ke5 103. h8=Q Kd4
104. Qh4+ Ke3 105. Qg3+ Ke4 106. Kf6 Kd4 107. Be2 Kc5 108. Qb8 Kd5 109. Qc7 Ke4
110. Qe5# {Hossa checkmated} 1-0

[Event "ICS rated blitz match"]
[Site "204.178.125.65"]
[Date "2001.01.24"]
[Round "?"]
[White "Hossa"]
[Black "ChesterX"]
[Result "1/2-1/2"]
[WhiteElo "2512"]
[BlackElo "2594"]
[PlyCount "155"]
[EventDate "2001.??.??"]

1. d4 Nf6 2. c4 g6 3. Nc3 Bg7 4. e4 d6 5. f3 O-O 6. Be3 a6 7. Bd3 c6 8. Nge2
Nbd7 9. O-O e5 10. d5 Qc7 11. Qd2 b6 12. dxc6 Qxc6 13. b4 Bb7 14. Bh6 Bxh6 15.
Qxh6 Kh8 16. Nd5 Nxd5 17. cxd5 Qc7 18. Rac1 Qb8 19. Ng3 Rc8 20. a4 Rxc1 21.
Rxc1 Qd8 22. Rc2 Rc8 23. Rxc8 Qxc8 24. Ne2 Kg8 25. Qg5 Qe8 26. Nc3 Qc8 27. Nd1
a5 28. bxa5 bxa5 29. Bb5 Nf8 30. Qd2 Qc5+ 31. Nf2 Qb6 32. Qc1 f5 33. exf5 gxf5
34. Qg5+ Ng6 35. h4 Qd4 36. Qd8+ Nf8 37. h5 Qd2 38. Qxd6 Qxd5 39. Qe7 h6 40.
Qc7 Ne6 41. Qb6 e4 42. g4 exf3 43. gxf5 Qxf5 44. Qxb7 Qg5+ 45. Kf1 Qc1+ 46. Nd1
Qxd1+ 47. Kf2 Qc2+ 48. Kxf3 Qf5+ 49. Ke3 Qg5+ 50. Kf2 Qh4+ 51. Kf1 Qh3+ 52. Kf2
Qh2+ 53. Kf1 Qf4+ 54. Ke2 Qe5+ 55. Kf1 Qa1+ 56. Ke2 Qb2+ 57. Kd1 Qd4+ 58. Kc2
Qc5+ 59. Kd3 Qd6+ 60. Kc2 Qh2+ 61. Kc1 Qg1+ 62. Kc2 Qf2+ 63. Kd1 Qd4+ 64. Kc2
Qc5+ 65. Kd3 Qxh5 66. Qa8+ Kg7 67. Qxa5 Qd5+ 68. Kc3 Qd4+ 69. Kc2 Qe3 70. Qc3+
Nd4+ 71. Kb2 Qf2+ 72. Ka3 Qf8+ 73. Ka2 Qf2+ 74. Ka3 Qf8+ 75. Ka2 Qf2+ 76. Ka3
Qf8+ 77. Ka2 Qf2+ 78. Ka3 {Game drawn by repetition} 1/2-1/2

[Event "ICS rated blitz match"]
[Site "204.178.125.65"]
[Date "2001.01.24"]
[Round "?"]
[White "Valg"]
[Black "Hossa"]
[Result "1-0"]
[WhiteElo "2722"]
[BlackElo "2516"]
[PlyCount "97"]
[EventDate "2001.??.??"]

1. d4 Nf6 2. c4 g6 3. Nc3 Bg7 4. e4 d6 5. f3 O-O 6. Be3 a6 7. Qd2 Nc6 8. Nge2
e5 9. d5 Nb8 10. Ng3 a5 11. Be2 Na6 12. O-O Bd7 13. Bh6 c6 14. Bxg7 Kxg7 15.
dxc6 bxc6 16. Qxd6 Qb6+ 17. Kh1 Qb8 18. Rad1 Rd8 19. c5 Qc7 20. Bxa6 Qxd6 21.
cxd6 Rxa6 22. Na4 Rb8 23. Nc5 Rab6 24. b3 Rb5 25. Rc1 Bc8 26. f4 Nd7 27. Nd3
Bb7 28. fxe5 Rd8 29. e6 fxe6 30. Rf2 e5 31. Rcf1 Rb6 32. Rf7+ Kg8 33. Re7 Ba6
34. Rff7 c5 35. Rg7+ Kf8 36. Ref7+ Ke8 37. Nf2 Rxd6 38. Rxh7 c4 39. Re7+ Kf8
40. Rhf7+ Kg8 41. Ng4 Nf8 42. h4 cxb3 43. axb3 Rb8 44. Nh6+ Kh8 45. Rg7 Rd1+
46. Kh2 Bc4 47. bxc4 Rh1+ 48. Nxh1 Nh7 49. Rxh7# {Hossa checkmated} 1-0

[Event "ICS rated standard match"]
[Site "204.178.125.65"]
[Date "2001.01.24"]
[Round "?"]
[White "PostModernist"]
[Black "Hossa"]
[Result "1-0"]
[WhiteElo "2363"]
[BlackElo "2323"]
[PlyCount "125"]
[EventDate "2001.??.??"]

1. e4 c5 2. c3 d5 3. exd5 Qxd5 4. d4 e6 5. Nf3 Nf6 6. Bd3 Be7 7. O-O O-O 8. Qe2
Rd8 9. Be3 Nc6 10. Rd1 cxd4 11. cxd4 Nb4 12. Nc3 Qd6 13. Bb1 b6 14. Ne5 Bb7 15.
Bg5 Rf8 16. Bxf6 Bxf6 17. a3 Nd5 18. Qd3 g6 19. Ne4 Qe7 20. Nxf6+ Nxf6 21. Qe3
Rfd8 22. Rc1 Qd6 23. Ba2 Nh5 24. Rd1 Rac8 25. Bb3 Bd5 26. Bxd5 Qxd5 27. Rac1 f6
28. Ng4 e5 29. Rxc8 Rxc8 30. Qh3 Rf8 31. Ne3 Qa2 32. Qd7 Qxb2 33. Qe6+ Kg7 34.
dxe5 Qxa3 35. g4 Nf4 36. exf6+ Kh8 37. Qe7 Qxe7 38. fxe7 Ne6 39. exf8=R+ Nxf8
40. Nd5 a6 41. Nxb6 Ne6 42. Nd5 Nc5 43. Rc1 Ne4 44. Ra1 Nc5 45. Ra5 Nd7 46. f4
Kg7 47. Rxa6 Kf7 48. f5 Ne5 49. Ra7+ Kf8 50. Rxh7 gxf5 51. gxf5 Nf3+ 52. Kg2
Ne1+ 53. Kg3 Nd3 54. f6 Ne5 55. f7 Nd3 56. Kg4 Nb4 57. Nxb4 Ke7 58. Nc6+ Ke6
59. f8=Q Kd5 60. Rd7+ Kxc6 61. Qc8+ Kb6 62. Rb7+ Ka5 63. Qa8# {Hossa checkmated
} 1-0

[Event "ICS rated standard match"]
[Site "204.178.125.65"]
[Date "2001.01.24"]
[Round "?"]
[White "Hossa"]
[Black "PostModernist"]
[Result "1/2-1/2"]
[WhiteElo "2309"]
[BlackElo "2377"]
[PlyCount "124"]
[EventDate "2001.??.??"]

1. e4 e5 2. Nf3 Nc6 3. Bc4 b6 4. O-O Bb7 5. d3 h6 6. Be3 Nf6 7. Nc3 Be7 8. Nd2
Na5 9. f4 exf4 10. Rxf4 Nxc4 11. Nxc4 d6 12. Bd4 O-O 13. Qf3 Re8 14. Rf1 c5 15.
Bxf6 Bxf6 16. Rxf6 Qxf6 17. Qxf6 gxf6 18. Nxd6 Re6 19. Nxb7 Rb8 20. Nxc5 bxc5
21. b3 Kg7 22. Nd5 h5 23. a3 Rh8 24. h4 Rd8 25. Rf4 Rh8 26. b4 Rc8 27. Ne3 Ra6
28. Rf5 Rxa3 29. Rxh5 Rc7 30. Rxc5 Rxc5 31. bxc5 Rc3 32. Kf2 Rxc5 33. d4 Rc3
34. Ke2 a5 35. Kd2 Rc7 36. c4 a4 37. Kc3 Rb7 38. Nf5+ Kh7 39. Nd6 Rb3+ 40. Kc2
Rb4 41. Nb5 Rxc4+ 42. Kd3 Rb4 43. Nc3 a3 44. d5 Rb2 45. g3 a2 46. Nxa2 Rxa2 47.
Kd4 Kg6 48. d6 Rd2+ 49. Kc5 f5 50. e5 Kh5 51. Kc6 Rd1 52. d7 Kg4 53. Kc7 Rc1+
54. Kd6 Rb1 55. d8=R Rd1+ 56. Ke7 Rxd8 57. Kxd8 f4 58. gxf4 Kxf4 59. Ke7 Kxe5
60. Kxf7 Kf5 61. h5 Kg5 62. Kg7 Kxh5 {
Game drawn because neither player has mating material} 1/2-1/2

[Event "ICS rated blitz match"]
[Site "204.178.125.65"]
[Date "2001.01.24"]
[Round "?"]
[White "Hossa"]
[Black "Valg"]
[Result "1/2-1/2"]
[WhiteElo "2509"]
[BlackElo "2738"]
[PlyCount "173"]
[EventDate "2001.??.??"]

1. d4 Nf6 2. c4 e6 3. Nf3 b6 4. g3 Ba6 5. Nbd2 Bb7 6. Bg2 c5 7. e4 cxd4 8. Nxd4
Bc5 9. N4b3 Bd6 10. O-O O-O 11. f4 Qc7 12. e5 Bc5+ 13. Nxc5 Qxc5+ 14. Kh1 Bxg2+
15. Kxg2 Ne8 16. Qe2 Nc6 17. Ne4 Qe7 18. Rd1 f6 19. Qd3 Rd8 20. exf6 Nxf6 21.
Nd6 Ne8 22. Kg1 Nxd6 23. Qxd6 Qf6 24. Rb1 Qf5 25. Be3 Qe4 26. Qd3 Qf3 27. Rf1
Qh5 28. Rbc1 Rf5 29. Qd1 Qf7 30. Qd6 Rb8 31. Rcd1 Rb7 32. Rf2 Ne7 33. b4 Rf6
34. Qd2 Nf5 35. Bd4 Rg6 36. Be5 Ne7 37. Qd3 Rh6 38. Bd6 Rf6 39. Qe4 Nc6 40. b5
Nd8 41. Rfd2 Qh5 42. Qg2 Rf7 43. g4 Qh4 44. Rd3 Qf6 45. Rh3 Qg6 46. Kh1 h6 47.
Qe2 Qf6 48. Qc2 e5 49. Bxe5 Qe6 50. Rg3 Re7 51. Qe4 d6 52. Qf5 Qxf5 53. gxf5
dxe5 54. Rxd8+ Kf7 55. fxe5 Rxe5 56. Ra3 Rc7 57. Ra8 Ree7 58. Kg2 Kf6 59. Rf8+
Rf7 60. Rxf7+ Rxf7 61. Rf3 Ke5 62. Rg3 Kxf5 63. Rf3+ Ke6 64. Rxf7 Kxf7 65. Kf3
Ke6 66. Ke4 g6 67. Kd4 Kd6 68. a4 g5 69. Ke4 Ke6 70. Kd4 g4 71. c5 bxc5+ 72.
Kxc5 h5 73. Kd4 h4 74. Ke4 g3 75. hxg3 hxg3 76. Kf3 g2 77. Kf2 Kd5 78. Kg1 Kc4
79. Kxg2 Kb4 80. Kf3 Kxa4 81. Ke4 Kxb5 82. Kd3 Kb4 83. Kc2 Ka3 84. Kc3 a5 85.
Kc4 Kb2 86. Kb5 a4 87. Kxa4 {
Game drawn because neither player has mating material} 1/2-1/2

[Event "ICS rated standard match"]
[Site "204.178.125.65"]
[Date "2001.01.24"]
[Round "?"]
[White "PostModernist"]
[Black "Hossa"]
[Result "1-0"]
[WhiteElo "2374"]
[BlackElo "2312"]
[PlyCount "117"]
[EventDate "2001.??.??"]

1. d4 Nf6 2. c4 e6 3. Nf3 b6 4. g3 Ba6 5. b3 Bb4+ 6. Bd2 Be7 7. Bg2 c6 8. Bc3
d5 9. Ne5 Nfd7 10. Nxd7 Nxd7 11. Nd2 Bf6 12. O-O Be7 13. Nb1 Qc7 14. Qd3 h5 15.
Qf3 h4 16. cxd5 cxd5 17. Rc1 hxg3 18. fxg3 Qb7 19. a4 Nf6 20. Nd2 g5 21. a5 g4
22. Qf2 Rc8 23. axb6 Qxb6 24. Qe3 Rc6 25. Rab1 Ba3 26. Rf1 Nd7 27. b4 Bxe2 28.
Rf2 Bc4 29. Nxc4 Rxc4 30. Bxd5 Rc8 31. Ra2 Rh5 32. Be4 Ne5 33. Rxa3 Nc4 34. Qc1
Nxa3 35. Qxa3 Qb5 36. Re1 Rc7 37. Bd2 Qd7 38. d5 Kf8 39. Bf4 e5 40. Be3 Kg7 41.
Bc5 f5 42. Bg2 e4 43. Qb2+ Kg8 44. d6 Rb7 45. Bf1 Qf7 46. Qd4 Kh7 47. Ra1 Kg6
48. Ra6 Qd7 49. Bc4 Rh7 50. Qe5 Rh5 51. Qe8+ Kh6 52. Qf8+ Qg7 53. d7+ Rb6 54.
Qxg7+ Kxg7 55. d8=Q Rxa6 56. Bd4+ Kh6 57. Qf8+ Kg5 58. Qg7+ Rg6 59. Bf6# {
Hossa checkmated} 1-0

[Event "ICS rated blitz match"]
[Site "204.178.125.65"]
[Date "2001.01.24"]
[Round "?"]
[White "Amateur"]
[Black "Hossa"]
[Result "1/2-1/2"]
[WhiteElo "2530"]
[BlackElo "2518"]
[PlyCount "86"]
[EventDate "2001.??.??"]

1. e4 e5 2. Nf3 Nc6 3. Bb5 a6 4. Bxc6 dxc6 5. O-O f6 6. d4 exd4 7. Nxd4 c5 8.
Nb3 Qxd1 9. Rxd1 Bg4 10. f3 Be6 11. Be3 b6 12. Rd2 Bd6 13. Nc3 Ne7 14. Rf1 Be5
15. Rfd1 O-O 16. Nc1 Bxc3 17. bxc3 f5 18. Bf4 fxe4 19. Bg5 Nd5 20. Rxd5 Bxd5
21. Rxd5 exf3 22. Kf2 fxg2+ 23. Kxg2 Rae8 24. Bd2 Re6 25. Kg3 c4 26. a3 Rd6 27.
Rxd6 cxd6 28. Ne2 Rf5 29. Bf4 Rf6 30. Kg4 Kf7 31. h4 h6 32. a4 Ke8 33. Nd4 Kd7
34. Nf5 Rf7 35. Nd4 Kc7 36. Kf3 h5 37. Ke4 Kd7 38. Bg3 Rf1 39. Kd5 Ra1 40. Nf5
Rd1+ 41. Nd4 Ra1 42. Nf5 Rd1+ 43. Nd4 Ra1 {Game drawn by repetition} 1/2-1/2

[Event "ICS rated blitz match"]
[Site "204.178.125.65"]
[Date "2001.01.24"]
[Round "?"]
[White "Hossa"]
[Black "Valg"]
[Result "1-0"]
[WhiteElo "2519"]
[BlackElo "2733"]
[PlyCount "169"]
[EventDate "2001.??.??"]

1. d4 Nf6 2. c4 e6 3. Nf3 b6 4. g3 Ba6 5. b3 Bb4+ 6. Bd2 Be7 7. Bg2 c6 8. Bc3
d5 9. Ne5 Nfd7 10. Nxd7 Nxd7 11. Nd2 O-O 12. O-O Rc8 13. e4 c5 14. exd5 exd5
15. Bxd5 Nf6 16. Re1 Nxd5 17. cxd5 Bb7 18. dxc5 Qxd5 19. Ne4 f5 20. Qxd5+ Bxd5
21. Nd2 Bxc5 22. Rac1 Ba3 23. Rc2 Rfe8 24. Rxe8+ Rxe8 25. Kf1 Rc8 26. Ke2 Kf7
27. Kd3 Bc5 28. Rc1 Rd8 29. Ke2 Re8+ 30. Kf1 g5 31. Nc4 Bxc4+ 32. bxc4 Re4 33.
Bd2 g4 34. Bg5 h5 35. Bf4 h4 36. Rc3 Bb4 37. Rc1 Bc5 38. Rc3 Bb4 39. Rc1 Ke6
40. Bh6 Bd6 41. gxh4 Bxh2 42. c5 bxc5 43. Rxc5 g3 44. f4 Rd4 45. Re5+ Kd7 46.
Kg2 Rd2+ 47. Kh3 Rxa2 48. Rxf5 Kc6 49. Bg7 Rd2 50. h5 Rd1 51. h6 Rh1 52. Rg5 a5
53. h7 Bg1+ 54. Kg2 Rxh7 55. Kxg1 a4 56. f5 Rh2 57. Rxg3 Rh4 58. Rc3+ Kb6 59.
Kf2 Rh2+ 60. Kg3 Rd2 61. f6 Rd7 62. Kf4 Ra7 63. Kf5 a3 64. Kg6 a2 65. f7 Ra8
66. Bd4+ Kb5 67. Rc2 Kb4 68. Rxa2 Rd8 69. Bc5+ Kxc5 70. Rc2+ Kb5 71. Kg7 Rd7
72. Rc8 Ka6 73. Kf6 Rd6+ 74. Ke5 Rd1 75. Rc6+ Kb7 76. f8=Q Re1+ 77. Kd6 Rd1+
78. Ke6 Kxc6 79. Qf3+ Kb5 80. Qxd1 Kb4 81. Kd5 Kc3 82. Kc5 Kb2 83. Kb4 Ka2 84.
Kc3 Ka3 85. Qa1# {Valg checkmated} 1-0